Ο καρπός του πάθους : μυθιστόρημα

Αποθηκεύτηκε σε:
Λεπτομέρειες βιβλιογραφικής εγγραφής
Κύριος συγγραφέας: Glastra van Loon, Karel, 1962-
Άλλοι συγγραφείς: Αρβανίτης, Ιωάννης Ν. (Μεταφραστής), Βέστερκαμπ, Αριάδνη (trlf)
Μορφή: Βιβλίο
Γλώσσα:Greek
Dutch
Δημοσίευση: Αθήνα : Πατάκης, c2000.
Σειρά:Σύγχρονη ξένη λογοτεχνία (Πατάκης)
Θέματα:
Ετικέτες: Προσθήκη ετικέτας
Δεν υπάρχουν, Καταχωρήστε ετικέτα πρώτοι!

MARC

LEADER 00000cam a2200000 i 4500
001 1/89513
008 051118s2000 gr | ||| |||| ||gre||
020 |a 9601603638 
035 |l 10081346 
040 |a GR-MyUA  |b gre  |e AACR2 
041 1 |a gre  |h dut 
082 7 |a 839.313   |2 (22) 
100 1 |a Glastra van Loon, Karel,   |d 1962- 
245 1 2 |a Ο καρπός του πάθους :   |b μυθιστόρημα /   |c Κάρελ Χλάστρα βαν Λόον ; μετάφραση: Ν. Αρβανίτης, Αριάδνη Βέστερκαμπ.  
260 |a Αθήνα :   |b Πατάκης,   |c c2000.  
300 |a 273 σ. ;   |c 21 εκ.  
490 1 |a (Σύγχρονη ξένη λογοτεχνία / Πατάκης)  
500 |a Τίτλος πρωτοτύπου: Da passievrucht.  
650 0 0 |a Dutch fiction. 
700 1 |a Αρβανίτης, Ιωάννης Ν.  |e trl 
700 1 |a Βέστερκαμπ, Αριάδνη,  |e trlf 
830 0 |a Σύγχρονη ξένη λογοτεχνία (Πατάκης) 
852 |a INST  |b SAMOS  |e 20051118  |h 839.313 LOO  |p 005300024773  |q 005300024773  |t BK  |y 0 
901 |a BIBL3-2005-3 
909 |a Σ  |b 124591 
970 |a ΜΑΛΑΓΑΡΗ  |b ΦΩΤΕΙΝΗ  |z 2005/11/18